Rozhodovací proces
Rozhodovanie a rozhodovací proces na príklade firmy. Charakteristika firmy, popis a riešenie problému. Iné návrhy riešenia.
Gespeichert in:
| 1. Verfasser: | |
|---|---|
| Format: | Buchkapitel |
| Sprache: | Tschechisch |
| Schlagworte: | |
| Tags: |
Keine Tags, Fügen Sie das erste Tag hinzu!
|
MARC
| LEADER | 00000naa a2200000 4500 | ||
|---|---|---|---|
| 001 | r047722 | ||
| 005 | 20231004103928.8 | ||
| 041 | 0 | |a cze | |
| 044 | |a CZ | ||
| 245 | 1 | 0 | |a Rozhodovací proces |c Petra Jirásková |
| 520 | |a Rozhodovanie a rozhodovací proces na príklade firmy. Charakteristika firmy, popis a riešenie problému. Iné návrhy riešenia. | ||
| 610 | 2 | 0 | |a rozhodovanie |
| 610 | 2 | 0 | |a procesy rozhodovacie |
| 610 | 2 | 0 | |a brainstorming |
| 610 | 2 | 0 | |a štúdie prípadové |
| 100 | 1 | |a Jirásková, Petra | |